000 00467cam a22001812 4500
001 0000002761
005 20151217155817.0
008 070419s xx 000 0 eng d
040 _aKABU
_cKABU
050 0 _aPR9381.9
_b.M36S66
100 1 _aMangua, Charles.
_@0000152278
245 1 0 _aSon of woman.
260 _aNairobi :
_bEAPH,
_c1971.
300 _a180 p.
908 _a070419
950 _@1
999 _c12736
_d12736